Ville mondiale de A à Z - Statistiques

Statistiques générales
  • Ce quiz a été pris 73 fois
  • Le résultat moyen est 14 sur 26
Statistiques - réponses
Hint Lettre Réponse % Correct
Plus grande ville Marocaine C Casablanca
95%
Capitale mondiale de l'aéronautique T Toulouse
80%
Tristement célèbre pour son ghetto V Varsovie
76%
Ville de Pablo Escobar M Medelin
70%
On y retrouve les clubs de foot de Botafogo ou de Fluminense R Rio de Janeiro
70%
Seule capitale en I I Islamabad
67%
Contient l'aéroport le plus fréquenté au monde A Atlanta
65%
Ville ayant donné son nom à la tanzanie Z Zanzibar
65%
Pinochet y est mort S Santiago
64%
Capitale du Tibet L Lhassa
62%
Fondée en 1608 par Samuel de Champlain Q Quebec
59%
À moins de 15 Km de Pearl Harbor H Honolulu
58%
Entièrement détruite en 1945 D Dresde
55%
Capitale du Rajasthan J Jaipur
55%
Capitale judiciaire de l'Afrique du Sud B Bloemfontein
53%
La déclaration d'indépendance des USA y a été signée P Philadelphie
50%
On y retrouve une armée en terre cuite X Xi'an
47%
Capitale de l'Alberta E Edmonton
45%
Au confluent entre le Nil blanc et le Nil bleu K Khartoum
42%
Cette ville voyait passer le Paris Dakar de 1978 à 2008 N Niamey
42%
Nommée d'après un duc victorieux à Waterloo W Wellington
42%
Plus grande ville de l'île de Kyūshū F Fukuoka
38%
On y trouve un parc Universal Studio O Osaka
24%
Contient une des plus hautes église du monde U Ulm
23%
Plus grande ville du delta de la rivière des perles G Guangzhou
18%
Anciennement appelée Eboracum Y York
12%
Aucun quiz correspondant
Distribution des résultats
% des personnes avec chaque résultat
Percentile par nombre de réponses
Votre historique - résultats
Vous n’avez pas pris ce quiz